Välimeren valtiot tyhjällä kartalla - Statistics

Yleistilastot
  • Tätä visaa on pelattu 1 137 kertaa
  • Keskiarvotulos 20 / 21
Vastaukset kartalla
Vastauksille on annettu kartalla punavihreä väri sen mukaan, kuinka moni on saanut sen oikein.
 
Vastaustilastot
Vastaus % Oikein
Espanja
99%
Italia
99%
Kreikka
99%
Turkki
99%
Kroatia
98%
Ranska
98%
Albania
97%
Egypti
97%
Kypros
97%
Bosnia ja Hertsegovina
96%
Marokko
96%
Algeria
95%
Israel
94%
Libya
93%
Montenegro
93%
Tunisia
92%
Syyria
90%
Malta
89%
Libanon
87%
Slovenia
83%
Monaco
78%
Ehtoja vastaavia visoja ei löytynyt
Tulosjakauma
Jokaisen tuloksen saaneiden osuus
Persentiili vastausten määrän mukaan
Tuloshistoriasi
Et ole pelannut tätä visaa